Responses for Show #7213 - Wednesday, January 13, 2016

Contestants

[<< previous game]

Megan Metcalf, a public interest attorney from Nashville, Tennessee

Len Mucci, an investment associate originally from Washington Township, New Jersey

Amelia Hershberger, a management analyst from Albany, New York (whose 1-day cash winnings total $21,200)

[next game >>]

Jeopardy! Round responses

BACK IN 2006
FILL IN THE BODY PART
THAT'S FRAGRANT!
"M" IS FOR SHAKESPEARE
CUTS LIKE A KNIFE
STARS IN THE SKY
    $200 6
(Roger) Goodell

Megan
    $200 11
ear

Megan
    $200 16
Citrus

Megan
    $200 3
a Moor

Megan
    $200 21
a guillotine

Len
    $400 7
Hamas

Amelia
    $400 12
arm (or eye)

Amelia
    $400 17
SofĂ­a Vergara

Megan
    $400 2
The Merchant of Venice

Amelia
    $400 22
serrated

Len
    $400 26
(Megan: Who are Clark Gable and Claudette Colbert?)
...
(Alex: Stars of Gone with the Wind.)

Clark Gable & Vivien Leigh

AmeliaMegan
    $600 8
The Scream

Amelia
    $600 13
elbow

Amelia
    $600 18
Jennifer Aniston

Megan
    $600 1
Miranda

Triple Stumper
    $600 23
a bayonet

Amelia
    $800 9
(Len: Who is...)

(Samuel) Alito

LenMegan
    $800 14
shin

Len
    $800 19
Michael Kors

Megan
    $1,000 4
(Megan: What are Two Gentlemen of Verona?)

The Merry Wives of Windsor

Megan
    $800 24
Saudi Arabia

Len
    $800 28
[The end-of-round signal sounds.]

Pan Am

Amelia
    $1000 10
Ahmadinejad

Megan
    $1000 15
(Megan: What is a flash drive?)
...
(Alex: "Flash" is not a body part. Well, maybe it is, for... some of us.)

thumb

AmeliaMegan
    $1000 20
(Len: What is Bulgari?)

Gucci

Len
Triple Stumper
    $1000 5
(Len: Who is Macduff?)
(Megan: Who is Macdougall?)

Malcolm

LenMegan
Triple Stumper
    $1000 25
(Alex: We have less than a minute to deal with that last category, Len.)

the Saxons

Triple Stumper
    $1000 27
(Len: Who is Henry Fonda?)

Katharine Hepburn

AmeliaLen

Scores at the first commercial break (after clue 15):

Amelia Len Megan
$3,400 -$1,000 -$600

Scores at the end of the Jeopardy! Round:

Amelia Len Megan
$6,200 -$1,600 $1,000

Double Jeopardy! Round responses

THAT'S THE THEORY
CHANNEL SURFING
WHAT "RU"?
POTPOURRI
IT'S SHOWTIME
THE APOLLO
    $400 30
relativity

Len
    $400 1
the English Channel

Megan
    $400 4
rush (week)

Megan
    $400 7
Sol

Len
    $400 13
(Virginia) Johnson

Megan
    $400 29
Pompeii

Megan
    $800 25
archetypes

Len
    $1,400 2
Elba

Megan
    $800 9
the rumba

Len
    $800 8
Siri

Amelia
    $800 14
Matt LeBlanc

Len
    $800 18
near-Earth objects

Megan
    $3,200 26
(Len: What is containment?)
...
(Alex: You drop to zero. You want to earn some money to be eligible for Final.)

the domino theory

Len
    $1200 3
the Beagle Channel

Amelia
    $1200 10
run of the mill

Len
    $1200 22
Stephen Hawking

Triple Stumper
    $1200 15
the Borgias

Amelia
    $1200 19
(Len: What is the Rhine?)

the Danube

LenMegan
    $1600 27
probability

Amelia
    $1600 5
Washington

Megan
    $1600 11
ruby-throated

Triple Stumper
    $1600 23
Cantos

Triple Stumper
    $1600 16
House of Lies

Megan
    $1600 20
(Amelia: Who is Nijinsky?)

(George) Balanchine

AmeliaMegan
    $2000 28
string theory

Len
    $2000 6
the Mozambique Channel

Triple Stumper
    $2000 12
a rutabaga

Megan
    $2000 24
William Gladstone

Triple Stumper
    $2000 17
David Steinberg

Triple Stumper
    $2000 21
Soyuz

Len

Scores at the end of the Double Jeopardy! Round:

Amelia Len Megan
$9,400 $2,400 $12,800

[wagering suggestions for these scores]

Final Jeopardy! Round responses

20th CENTURY LITERATURE
(Alex: Len, I know your parents are in our studio audience today, and they're hoping you came up with the correct response here in this Final.)
LenWhat is Watership Down?
$2,399
AmeliaWhat is Watership Down?
$6,400
MeganWhat is Rabbit is Rich?
$6,001
Watership Down

Final scores:

Amelia Len Megan
$15,800 $4,799 $6,799
2-day champion: $37,000 3rd place: $1,000 2nd place: $2,000

Game dynamics:

Coryat scores:

Amelia Len Megan
$9,400 $5,600 $13,200
14 R,
1 W
12 R,
6 W
(including 1 DD)
20 R
(including 1 DD),
4 W
(including 1 DD)

Combined Coryat: $28,200

[game clues] [game scores] [suggest correction]

Game tape date: Unknown
The J! Archive is created by fans, for fans. Scraping, republication, monetization, and malicious use prohibited; this site may use cookies and collect identifying information. See terms. The Jeopardy! game show and all elements thereof, including but not limited to copyright and trademark thereto, are the property of Jeopardy Productions, Inc. and are protected under law. This website is not affiliated with, sponsored by, or operated by Jeopardy Productions, Inc. Join the discussion at JBoard.tv.